The Bear Necessities - Lyrics - Statistics

General Stats
  • This quiz has been taken 12 times
  • The average score is 20 of 44
Answer Stats
Answer % Correct
Forget {about} your worries and your strife
100%
Look for the {bare} necessities
100%
Look for the {bare} necessities
100%
Then maybe try {a} few
100%
When you pick {a} pear
100%
The {simple} bare necessities
92%
Old mother nature's {recipes}
75%
I {mean} the bare necessities
67%
I {mean} the bare necessities
67%
The bee's are buzzing in the {tree}
67%
To make some honey {just} for me
67%
When you {look} under the rocks and plants
67%
With {just} the bare necessities of life
67%
Forget about your worries and your {strife}
58%
The bare {necessities} will come to you
58%
The simple bare {necessities}
58%
Wherever I {wander}, wherever I roam
58%
The bare necessities {of} life will come to you
50%
{The} bare necessities of life will come to you
50%
That's why the bear can rest {at} ease
42%
{They'll} come to you!
42%
They'll {come} to you!
42%
When you find out {you} can live without it
42%
And take a glance at the {fancy} ants
33%
But you don't {need} to use the claw
33%
Don't {pick} a prickly pear by the paw
33%
Have I {given} you a clue?
33%
I couldn't be {fonder} of my big home
33%
Next {time} beware
33%
Or a {prickly} pear
33%
Try to {use} the claw
33%
And go along {not} thinkin' about it
25%
For something that you want {that} can't be found
25%
Now when I pick a {pawpaw}
25%
When you pick a pear of the {big} pawpaw
25%
And you prick a {raw} paw
17%
{Fall} apart in my back yard
17%
That {brings} the bare necessities of life
17%
And don't spend your time {lookin}' around
8%
'Cause let me tell you something little {britches}
8%
I'll tell you {something} true
8%
So just try to relax, yeah {cool} it
8%
If you act like that bee acts, {uh} {uh}
0%
You're {working} too hard
0%
No matching quizzes found
Score Distribution
Percent of People with Each Score
Percentile by Number Answered
Your Score History
You have not taken this quiz